00244nam a2200097Ia 4500001000800000005001700008008004100025020001800066245004300084260001900127127604120260417160439.0260417s9999 xx 000 0 und d a9786255888266 0aBeklenmedik Bir ŞeycAshling Lindsay bKetebe Çocuk